000 00601nam a2200217Ii 4500
003 JO-AjNU
008 230606s9999||||xx |||||||||||||| ||und||
020 _a978-1-4059-8502-6
040 _aJO-AjNU
_beng
_erda
_cJO-AjNU
041 _aeng
050 1 4 _aG155.A1.L585 2007
100 3 _alomine, Loykie and Edmunds, James,
_eauthor
_94238
245 0 0 _aKey Concepts in Tourism
250 _a1 ed
264 3 1 _aEngland: Palgave, 2007
300 _a250p
336 _atext
_btxt
_2rdacontent
337 _aunmediated
_bn
_2rdamedia
338 _avolume
_bnc
_2rdacarrier
650 4 _a Tourism
_94239
999 _aE2204
_c2202
_d2202